C++ và lập trình hướng đối tượng
Nội dung sách hướng dẫn cách làm việc với TC++3.0 để thử nghiệm các chương trình, trình bày sơ lược về các phương pháp lập trình và giới thiệu một số mở rộng đơn giản của C++. Khái niệm trung tâm của lập trình hướng đối tượng. Ta...
সংরক্ষণ করুন:
| প্রধান লেখক: | |
|---|---|
| বিন্যাস: | গ্রন্থ |
| ভাষা: | Undetermined |
| প্রকাশিত: |
Hà Nội
Khoa học và Kỹ thuật
2000
|
| বিষয়গুলি: | |
| ট্যাগগুলো: |
ট্যাগ যুক্ত করুন
কোনো ট্যাগ নেই, প্রথমজন হিসাবে ট্যাগ করুন!
|
| Thư viện lưu trữ: | Trung tâm Học liệu Trường Đại học Cần Thơ |
|---|
| LEADER | 01114nam a2200193Ia 4500 | ||
|---|---|---|---|
| 001 | CTU_144216 | ||
| 008 | 210402s9999 xx 000 0 und d | ||
| 082 | |a 005.133 | ||
| 082 | |b Â124 | ||
| 100 | |a Phạm, Văn Ất | ||
| 245 | 0 | |a C++ và lập trình hướng đối tượng | |
| 245 | 0 | |c Phạm Văn Ất | |
| 260 | |a Hà Nội | ||
| 260 | |b Khoa học và Kỹ thuật | ||
| 260 | |c 2000 | ||
| 520 | |a Nội dung sách hướng dẫn cách làm việc với TC++3.0 để thử nghiệm các chương trình, trình bày sơ lược về các phương pháp lập trình và giới thiệu một số mở rộng đơn giản của C++. Khái niệm trung tâm của lập trình hướng đối tượng. Tạo dựng, sao chép hủy bỏ các đối tượng... | ||
| 650 | |a C++ (chương trình ngôn ngữ máy tính),C++ (Computer program language) | ||
| 910 | |a Trang tên sách ghi tên tác giả là: Phan Văn Ất | ||
| 980 | |a Trung tâm Học liệu Trường Đại học Cần Thơ | ||